<?xml version="1.0" encoding="UTF-8"?>
<collection xmlns:xsi="http://www.w3.org/2001/XMLSchema-instance" xsi:schemaLocation="http://www.loc.gov/MARC21/slim http://www.loc.gov/standards/marcxml/schema/MARC21slim.xsd" xmlns="http://www.loc.gov/MARC21/slim">
 <record>
  <leader>00000cmm a22000004a 4500</leader>
  <controlfield tag="001">UP-99796217610949437</controlfield>
  <controlfield tag="003">Buklod</controlfield>
  <controlfield tag="005">20130917082507.0</controlfield>
  <controlfield tag="006">m     o  j        </controlfield>
  <controlfield tag="007">cr |n |||auu|a</controlfield>
  <controlfield tag="008">100416s2010    ilu        u        eng d</controlfield>
  <datafield tag="020" ind1=" " ind2=" ">
   <subfield code="a">9780838935903 (alk. paper)</subfield>
  </datafield>
  <datafield tag="020" ind1=" " ind2=" ">
   <subfield code="a">0838935907 (alk. paper)</subfield>
  </datafield>
  <datafield tag="035" ind1=" " ind2=" ">
   <subfield code="a">(iLib)UPD-00205805590</subfield>
  </datafield>
  <datafield tag="040" ind1=" " ind2=" ">
   <subfield code="a">DLC</subfield>
   <subfield code="d">DML</subfield>
  </datafield>
  <datafield tag="041" ind1="0" ind2=" ">
   <subfield code="a">eng</subfield>
  </datafield>
  <datafield tag="042" ind1=" " ind2=" ">
   <subfield code="a">DMLUC</subfield>
  </datafield>
  <datafield tag="084" ind1=" " ind2=" ">
   <subfield code="a">Z 711.4</subfield>
   <subfield code="b">I57 2010eb</subfield>
  </datafield>
  <datafield tag="245" ind1="0" ind2="0">
   <subfield code="a">Intellectual freedom manual</subfield>
   <subfield code="h">[electronic resource]</subfield>
   <subfield code="c">compiled by the Office for Intellectual Freedom of the American Library Association.</subfield>
  </datafield>
  <datafield tag="250" ind1=" " ind2=" ">
   <subfield code="a">8th ed.</subfield>
  </datafield>
  <datafield tag="264" ind1=" " ind2="1">
   <subfield code="a">Chicago</subfield>
   <subfield code="b">American Library Association</subfield>
   <subfield code="c">2010.</subfield>
  </datafield>
  <datafield tag="300" ind1=" " ind2=" ">
   <subfield code="a">1 online resource (xxii, 439 p.)</subfield>
  </datafield>
  <datafield tag="490" ind1="0" ind2=" ">
   <subfield code="a">IG library</subfield>
  </datafield>
  <datafield tag="505" ind1="0" ind2=" ">
   <subfield code="a">PART I : Intellectual freedom and libraries : an overview. Intellectual freedom : an enduring and all-embracing concept / Candace D. Morgan -- ALA and intellectual freedom : a historical overview / Judith F. Krug and Candace D. Morgan -- Challenges and issues today / Candace D. Morgan --  -- PART II : Library Bill of Rights. Library Bill of Rights : policy statement -- Library Bill of Rights : interpretations --  -- PART III : Protecting the freedom to read. The freedom to read -- Libraries : an American value -- Policies and statements related to access to information, library resources, and library services -- Policies and statements related to confidentiality, privacy, and governmental intimidation --  -- PART IV :  Code of ethics of the American Library Association. Code of ethics of the American Library Association -- Enforcement of the &quot;Code of Ethics of the American Library Association&quot; : questions and answers -- Resolutions on workplace speech -- Questions and answers on speech in the workplace : an explanatory statement of the &quot;ALA Code of Ethics&quot; --  -- PART V : Intellectual freedom and the law. Public libraries and the public forum doctrine / Theresa Chmara -- Minors' First Amendment rights to access information / Theresa Chmara -- Privacy and confidentiality in libraries / Deborah Caldwell-Stone -- -- PART VI : Preserving, protecting, and working for intellectual freedom. Preparing for and responding to challenges / Beverley Becker -- Communicating the intellectual freedom message / Larra Clark with Macey Morales -- Lobbying for intellectual freedom / ALA Washington Office -- Rallying for intellectual freedom : where to go for help and how you can help / Angela Maycock and Nanette Perez.</subfield>
  </datafield>
  <datafield tag="506" ind1=" " ind2=" ">
   <subfield code="a">IP-based subscription, access limited to within on-campus computer network.</subfield>
   <subfield code="c">Access via Electronic Resources of the UPD University Library Website.</subfield>
  </datafield>
  <datafield tag="520" ind1=" " ind2=" ">
   <subfield code="a">Includes the most up-to-date intellectual freedom guidelines, policies, and interpretations of the Library Bill of Rights, including: newly amended and updated policies; a new chapter, &quot;Interactivity and the Internet&quot;; and other fresh material on intellectual freedom and privacy in online social networks.</subfield>
  </datafield>
  <datafield tag="533" ind1=" " ind2=" ">
   <subfield code="a">Electronic reproduction.</subfield>
   <subfield code="b">Singapore</subfield>
   <subfield code="c">IG Pub.</subfield>
   <subfield code="d">c2012.</subfield>
   <subfield code="n">Available via World Wide Web through IG Library.</subfield>
  </datafield>
  <datafield tag="650" ind1=" " ind2="0">
   <subfield code="a">Libraries</subfield>
   <subfield code="x">Censorship</subfield>
   <subfield code="z">United States</subfield>
   <subfield code="v">Handbooks, manuals, etc.</subfield>
  </datafield>
  <datafield tag="650" ind1=" " ind2="0">
   <subfield code="a">Intellectual freedom</subfield>
   <subfield code="z">United States</subfield>
   <subfield code="v">Handbooks, manuals, etc.</subfield>
  </datafield>
  <datafield tag="650" ind1=" " ind2="0">
   <subfield code="a">Electronic books.</subfield>
  </datafield>
  <datafield tag="710" ind1="2" ind2=" ">
   <subfield code="a">American Library Association.</subfield>
   <subfield code="b">Office for Intellectual Freedom.</subfield>
  </datafield>
  <datafield tag="710" ind1="2" ind2=" ">
   <subfield code="a">IG Publishing.</subfield>
  </datafield>
  <datafield tag="856" ind1="4" ind2="0">
   <subfield code="z">Available for University of the Philippines System via IG Library. Click here to access</subfield>
   <subfield code="u">http://portal.igpublish.com/iglibrary/search/ALAB0000137.html</subfield>
  </datafield>
  <datafield tag="856" ind1=" " ind2=" ">
   <subfield code="z">(viewed 26 September 2013)</subfield>
  </datafield>
  <datafield tag="905" ind1=" " ind2=" ">
   <subfield code="a">FO</subfield>
  </datafield>
  <datafield tag="950" ind1=" " ind2=" ">
   <subfield code="a">Monograph</subfield>
  </datafield>
  <datafield tag="852" ind1="0" ind2=" ">
   <subfield code="a">UPD</subfield>
   <subfield code="b">DMLR</subfield>
  </datafield>
  <datafield tag="942" ind1=" " ind2=" ">
   <subfield code="a">Electronic Resource</subfield>
  </datafield>
 </record>
</collection>
